000 00670nam a22002297a 4500
003 UA-OsUOA
001 73619
007 ta
008 20110314b un ||||| |||| 00| 0 ukr d
100 _aКоденська М.Ю.
700 _aНестерук Ю.О.
090 _a330(477)
_bК57
942 _cSA
040 _aUA-OsUOA
_bukr
_cUA-OsUOA
_dUA-OsUOA
245 _aІнвестиційна складова аграрно-промислової інтеграції
300 _aС.45-51
955 _a0
041 _aukr
080 _a330(477)
773 0 _w73602
_tЕкономіка АПК
_dК.
_d2011
_g3
650 7 _a330 Економіка взагалі
_2UDC
999 _c359908
_d359908